000 00672nam a2200241Ia 4500
003 OSt
005 20220918174407.0
006 a|||||r|||| 00| 0
007 ta
008 220917b |||||||| |||| 00| 0 eng d
024 _a11,954
037 _cTextual
040 _aARTS
_cARTS
_beng
041 _2eng
_aeng
082 _aMV41.1.N5, J6
100 _aStern Frederick Martin
_950319
245 0 _aCitizen army
_b key to defense in the atomic age
260 _aLondon
_bMacmillian & co. Ltd
_c1956
300 _a373
_ccm.
650 _aINDUSTRIAL ARTS
942 _hMV41.1.N5, J6
_cTEXL
_2CC
999 _c153010
_d153010